[Event "Petrolina Cordioli Memorial op"]
[Site "Petrolina"]
[Date "2008.10.11"]
[Round "4.30"]
[White "Marques, Eder Thiago Morgado"]
[Black "Barros Melo, Daniella Evans"]
[Result "0-1"]
[WhiteElo "1761"]
[BlackElo "1799"]
[PlyCount "60"]
[EventDate "2008.10.09"]
[EventType "swiss"]
[EventRounds "7"]
[EventCountry "BRA"]
[SourceTitle "EXT 2022"]
[Source "ChessBase"]
[SourceDate "2021.10.06"]
[SourceVersion "1"]
[SourceVersionDate "2021.10.06"]
[SourceQuality "1"]

1. d4 d5 2. c4 c6 3. e3 Nf6 4. Nc3 Bf5 5. Nf3 g6 6. b3 Bg7 7. Bb2 0-0 8. cxd5 cxd5 9. Nh4 Be6 10. Bd3 a6 11. 0-0 Nc6 12. Ne2 Bh6 13. Ng3 Bg4 14. Qd2 Bd7 15. f4 e6 16. h3 Ne4 17. Bxe4 dxe4 18. Nxe4 Qxh4 19. d5 Bg7 20. Bxg7 Kxg7 21. Qc3+ f6 22. dxc6 Bxc6 23. Qb4 Bxe4 24. Qxe4 b5 25. Qxe6 Ra7 26. g3 Qxg3+ 27. Kh1 Rff7 28. Rg1 Qf3+ 29. Kh2 Rfe7 30. Rgf1 Qe2+ 0-1

[Event "Petrolina Cordioli Memorial op"]
[Site "Petrolina"]
[Date "2008.10.09"]
[Round "1.12"]
[White "Miranda, Roberto Calheiros J"]
[Black "Barros Melo, Daniella Evans"]
[Result "1-0"]
[WhiteElo "2216"]
[BlackElo "1799"]
[PlyCount "29"]
[EventDate "2008.10.09"]
[EventType "swiss"]
[EventRounds "7"]
[EventCountry "BRA"]
[SourceTitle "EXT 2022"]
[Source "ChessBase"]
[SourceDate "2021.10.06"]
[SourceVersion "1"]
[SourceVersionDate "2021.10.06"]
[SourceQuality "1"]

1. e4 c5 2. Nf3 Nc6 3. b3 a6 4. Bb2 e6 5. d3 d5 6. Nbd2 Nf6 7. g3 dxe4 8. dxe4 Qc7 9. Bg2 e5 10. 0-0 g6 11. Nc4 Nxe4 12. Nfxe5 Nxe5 13. Bxe5 Qc6 14. Bxh8 f6 15. Bxe4 1-0